000 00651nam a2200265Ia 4500
005 20260306164258.0
008 008 260114s9999 xx 000 0 eng d
020 _a9780226816043
037 _aEBOOK
040 _aCRL
040 _beng
040 _cCRL
041 _2eng
041 _aeng
084 _qCRL
100 _aChetty Et Al
_9877690
245 0 _aMeasuring Distribution And Mobility Of Income And Wealth
260 _bUniversity of Chicago Press
260 _c2023
650 _aEconomics & Finance
856 _uhttps://academic.oup.com/book/45080
942 _cEBOOK
999 _c1713483
_d1713483